<?xml version="1.0" encoding="UTF-8"?>
<collection xmlns="http://www.loc.gov/MARC21/slim">
 <record>
  <leader>00859nam a2200253 a 4500</leader>
  <controlfield tag="001">0896080773</controlfield>
  <controlfield tag="008">100105s1981    maua          001 0 eng d</controlfield>
  <datafield tag="020" ind1=" " ind2=" ">
   <subfield code="a">0896080773 </subfield>
  </datafield>
  <datafield tag="020" ind1=" " ind2=" ">
   <subfield code="a">0896080781</subfield>
  </datafield>
  <datafield tag="040" ind1=" " ind2=" ">
   <subfield code="a">EA</subfield>
   <subfield code="d">BD-DhAAL</subfield>
  </datafield>
  <datafield tag="082" ind1="0" ind2="0">
   <subfield code="a">335</subfield>
   <subfield code="2">19</subfield>
  </datafield>
  <datafield tag="100" ind1="1" ind2=" ">
   <subfield code="a">Albert, Michael,</subfield>
   <subfield code="d">1947- </subfield>
  </datafield>
  <datafield tag="245" ind1="1" ind2="0">
   <subfield code="a">Socialism today and tomorrow /</subfield>
   <subfield code="c">Michael Albert and Robin Hahnel. </subfield>
  </datafield>
  <datafield tag="260" ind1=" " ind2=" ">
   <subfield code="a">Boston, Mass. :</subfield>
   <subfield code="b">South End Press,</subfield>
   <subfield code="c">1981. </subfield>
  </datafield>
  <datafield tag="300" ind1=" " ind2=" ">
   <subfield code="a">406 p. :</subfield>
   <subfield code="c">22 cm. </subfield>
  </datafield>
  <datafield tag="490" ind1="0" ind2=" ">
   <subfield code="a">Socialism in theory and practice  </subfield>
  </datafield>
  <datafield tag="504" ind1=" " ind2=" ">
   <subfield code="a">Includes index.</subfield>
  </datafield>
  <datafield tag="541" ind1="1" ind2=" ">
   <subfield code="e">00009668</subfield>
  </datafield>
  <datafield tag="650" ind1=" " ind2="0">
   <subfield code="a">Socialism. </subfield>
  </datafield>
  <datafield tag="650" ind1=" " ind2="0">
   <subfield code="a">Communism.</subfield>
  </datafield>
  <datafield tag="700" ind1="1" ind2=" ">
   <subfield code="a">Hahnel, Robin</subfield>
  </datafield>
  <datafield tag="852" ind1="4" ind2=" ">
   <subfield code="a">Ayesha Abed Library</subfield>
   <subfield code="j">General shelf</subfield>
  </datafield>
  <datafield tag="999" ind1=" " ind2=" ">
   <subfield code="c">6708</subfield>
   <subfield code="d">6708</subfield>
  </datafield>
  <datafield tag="952" ind1=" " ind2=" ">
   <subfield code="0">0</subfield>
   <subfield code="1">0</subfield>
   <subfield code="2">ddc</subfield>
   <subfield code="4">0</subfield>
   <subfield code="6">335_ALB_198100000000000</subfield>
   <subfield code="7">0</subfield>
   <subfield code="9">6884</subfield>
   <subfield code="a">BRACUL</subfield>
   <subfield code="b">BRACUL</subfield>
   <subfield code="c">GEN</subfield>
   <subfield code="d">2010-01-06</subfield>
   <subfield code="l">1</subfield>
   <subfield code="o">335 ALB</subfield>
   <subfield code="p">3010009668</subfield>
   <subfield code="r">2014-08-05</subfield>
   <subfield code="s">2014-08-04</subfield>
   <subfield code="t">1</subfield>
   <subfield code="w">2010-01-06</subfield>
   <subfield code="y">BK</subfield>
  </datafield>
 </record>
</collection>
